Nederland - Gemeenten in Zuid-Holland - Statistieken

Algemene statistieken
  • Deze quiz is 196 keer genomen
  • De gemiddelde score is 25 van 65
Antwoordstatistieken
Antwoord % Correct
Rotterdam
95%
's-Gravenhage
92%
Leiden
88%
Gouda
78%
Delft
76%
Dordrecht
76%
Zoetermeer
75%
Schiedam
66%
Katwijk
62%
Wassenaar
56%
Noordwijk
55%
Westland
55%
Alphen aan den Rijn
54%
Krimpen aan den IJssel
53%
Lisse
53%
Vlaardingen
53%
Barendrecht
50%
Leiderdorp
48%
Spijkenisse
48%
Zwijndrecht
48%
Maassluis
45%
Capelle aan den IJssel
44%
Rijswijk
44%
Voorschoten
43%
Papendrecht
42%
Gorinchem
40%
Alblasserdam
39%
Brielle
39%
Hellevoetsluis
39%
Hillegom
38%
Leidschendam-Voorburg
37%
Sliedrecht
36%
Zoeterwoude
36%
Ridderkerk
35%
Waddinxveen
34%
Goeree-Overflakkee
33%
Hendrik-Ido-Ambacht
33%
Hardinxveld-Giessendam
30%
Oegstgeest
30%
Oud-Beijerland
30%
Lansingerland
27%
Nieuwkoop
27%
Schoonhoven
27%
Teylingen
25%
Leerdam
24%
Zuidplas
24%
Midden-Delfland
23%
Noordwijkerhout
23%
Pijnacker-Nootdorp
23%
Albrandswaard
21%
Kaag en Braassem
21%
Bodegraven-Reeuwijk
20%
Westvoorne
18%
Bergambacht
16%
Bernisse
16%
Strijen
14%
Molenwaard
12%
Vlist
11%
Ouderkerk
10%
Binnenmaas
9%
Cromstrijen
9%
Giessenlanden
8%
Zederik
8%
Nederlek
7%
Korendrijk
3%
Geen overeenkomende quizzen gevonden
Scoreverdeling
Procent van Mensen met Elke Score
Percentiel versus Aantal Correcte Antwoorden
Uw Scoregeschiedenis
U heeft deze quiz nog niet genomen